000 00910cab a2200253 4500
001 WB2714-12
008 090401t1991 xxu||||| |||| 00| 0 eng d
035 _a(Sirsi) u50848
041 _aeng
245 _aTenant mix agreement
260 _c1991
350 _a0
490 _aEGCS
_v1991 38
520 _aR v Welwyn Hatfield DC and another, ex parte Slough Estates plc and another QBD 27 March 1991. Developers contended that they were not properly consulted about relaxing a tenant mix agreement with regard to their development work and that the council had abused its power. The court decided in the applicants favour.
650 _aA1 GALLERIAS
650 _aCARROLL GROUP
650 _aJOHN LEWIS PLC
650 _aLAW CASE
650 _aLEASES
650 _aSHOPPING CENTRES
690 _aPROPERTY-RESIDENTIAL PROPERTY-RESIDENTIAL PROPERTY MARKET
942 _n0
948 _c04/03/1997
999 _c31737
_d31737